000 00737nam a2200193Ii 4500
003 JO-AjNU
008 230605s9999||||xx |||||||||||||| ||und||
040 _aJO-AjNU
_bara
_erda
_cJO-AjNU
041 _aara
050 1 4 _aDS38.4.M37.F3764 1984
100 3 _aعمر، فاروق,
_eauthor
_919854
245 0 0 _aالخليفة المقاتل مروان بن محمد: عرض وتحليل لقراءة دينت في شخصيتة ودوره في سقوط الأمويين
264 3 1 _aبغداد: دار واسط، 1984
300 _a140ص
336 _atext
_btxt
_2rdacontent
337 _aunmediated
_bn
_2rdamedia
338 _avolume
_bnc
_2rdacarrier
650 4 _aامويون - تاريخ، مروان بن محمد 72-132ه
_919855
999 _aA6625
_c10193
_d10193